Pactes sociaux : quels enjeux nationaux et europeens

Αποθηκεύτηκε σε:
Λεπτομέρειες βιβλιογραφικής εγγραφής
Άλλοι συγγραφείς: Poghet, Philippe (Επιμελητής έκδοσης)
Μορφή: Βιβλίο
Γλώσσα:French
Δημοσίευση: Bruxelles : EVO, c1995
Σειρά:EVO societe
Θέματα:
Ετικέτες: Προσθήκη ετικέτας
Δεν υπάρχουν, Καταχωρήστε ετικέτα πρώτοι!

MARC

LEADER 00000nam a2200000 i 4500
001 1/66673
008 980914s1995 fre d
020 |a 2870033028 
035 |l 10029862 
040 |a GR-MY-UA  |b gre  |e aacr 
041 0 |a fre 
082 0 |a 361.6109493 
245 1 0 |a Pactes sociaux :  |b quels enjeux nationaux et europeens /  |c direction de: Philippe Poghet 
260 |a Bruxelles :   |b EVO,   |c c1995 
300 |a 118 p. 
490 1 |a Evo societe 
651 0 |a Belgium  |x Social policy. 
651 0 |a Belgium  |x Economic policy. 
651 0 |a Spain  |x Economic policy. 
651 0 |a Spain  |x Social policy. 
651 0 |a Italy  |x Social policy. 
651 0 |a Italy  |x Economic policy. 
700 1 |a Poghet, Philippe.  |4 edt 
830 0 |a EVO societe 
852 |a INST  |b CHIOS  |e 19980914  |h 361.6109493 POC  |p 005200015651  |q 005200015651  |t BK  |y 0 
901 |a BIBL-1998-3 
909 |a Χ  |b 058935 
922 |a 2ΕΛΗ  |b 199808  |c ΣΕΡΕΜΕΤΗΣ  |d ΠΑΠΑΣΩΤΗΡΙΟΥ